Movies Quiz

Random Movies or Clickable Quiz
Score 0/25 Timer 08:00
1 Play Today
% Correct
One Flew Over the Cuckoo's Nest
86.4%
The Wizard of Oz
84%
Gone with the Wind
78.1%
The Blair Witch Project
77.7%
The Birds
73%
Rain Man
71.9%
Die Hard
67.7%
It's a Wonderful Life
63.8%
Blade Runner
62.7%
Dr. Strangelove
60.8%
Saving Private Ryan
60.5%
American Beauty
59.3%
Jurassic Park
58.9%
% Correct
Platoon
58.6%
The Terminator
55.9%
Apocalypse Now
55.2%
High Noon
50.3%
Titanic
48.4%
The Graduate
48.1%
Butch Cassidy and the Sundance Kid
43.9%
Edward Scissorhands
34.5%
Reservoir Dogs
29.2%
North by Northwest
26.1%
The Hunger Games
23.4%
Frankenstein
13.4%
Remove Ads.
Support Sporcle.
Get the best of Sporcle when you Go Orange. This ad-free experience offers more features, more stats, and more fun while also helping to support Sporcle. Thank you for becoming a member.

You're not logged in!

Compare scores with friends on all Sporcle quizzes.
OR
Log In

Show Comments

Extras

Top Quizzes Today


Score Distribution

Your Account Isn't Verified!

In order to create a playlist on Sporcle, you need to verify the email address you used during registration. Go to your Sporcle Settings to finish the process.

Report this User

Report this user for behavior that violates our Community Guidelines.

Details: